Statistics for Money Currencies.

Click here to take the quiz!

General Stats

  • This quiz has been taken 40 times
  • The average score is 11 of 31

Answer Stats

Answer% Correct
Dollar
94%
Euro
89%
Pound
89%
Yen
78%
Peso
67%
Rupee
67%
Franc
58%
Ruble
58%
Dinar
47%
Lira
44%
Rial
39%
Won
39%
Shilling
36%
Baht
31%
Dirham
31%
Krone
31%
Dong
25%
Lev
25%
Rand
25%
Kuna
22%
Lek
22%
Koruna
19%
Leu
19%
Rupiah
19%
Forint
17%
Shekel
14%
Naira
11%
Renminbi
11%
Ringgit
11%
Manat
6%
Bitcoin
0%

Score Distribution

Percentile by Number Answered

Percent of People with Each Score

Your Score History

You have not taken this quiz